000 00435nam a2200181Ia 4500
005 20250530113401.0
008 008 250516s9999 xx 000 0 eng d
020 _a9781509560882
040 _beng
_cSDCL
041 _aeng
_2eng
084 _aR3xM44x R4
100 _aGeuss, Raymond
_931531
245 0 _aSeeing double
260 _aUK:
_bPolity,
_c2024.
300 _ax,201p.
650 _aPhilosophy
942 _cTEXL
_2CC
999 _c1430823
_d1430823